000
00233nam a22000977a 4500
999
_c
11659
_d
11659
008
191120b ||||| |||| 00| 0 eng d
020
_a
8174504869
100
_a
NCERT
_9
7361
245
_a
Mathematics-IX
260
_a
New Delhi
_b
NCERT
_c
2017